000 01943nam a2200361 a 4500
001 000000668
005 20250621074003.0
008 090422s2005 xxkbc 000 0 fre d
020 _a9993479667
020 _a9789993479666
040 _aDO-SdBNP
_bfre
_cBNPHU
082 _a325.7294
_bW891i, 2005
100 1 _aWooding, Bridget
_92231
240 1 0 _aHaitian immigrants and their descendants in the Dominican Republic
_lfr
245 1 4 _aLes immigrants haïtiens et leurs descendants en Repúblique Dominicaine /
_cBridget Wooding, Richard Mosely-Williams.
260 _aLondres :
_bCIIR,
_c2005
_fBúho
300 _a105 p. :
_bmap. , retrs. ;
_c22 cm.
500 _aTítulo original en inglés. Needed but unwanted:
505 0 _tAvant-propos --
_tIntroduction --
_tLes origines du comportement des Dominicains vis-á-vis des Haïtiens --
_tLa migration haïtienne --
_tLes"Haïtiens" en Republique Dominicaine --
_tLes travaillers de la canne á sucre et les bateys --
_tLes Dominicains-Haïtiens --
_tTravailleurs migrants et immigrés d'aujourd́hui --
_tLes réactions face á l'immigration haïtienne --
_tLa campagne en faveur des droits des Haïtiens et de leurs descendants en République Dominicaine --
_tConclusion --
_tBibliographie.
590 _aInventariado, 2018/BT
651 4 _aHaití -
_xEmigración E Inmigración
_91425
650 4 _aHaitíanos en república dominicana
_92232
651 4 _aRepública Dominicana -
_xRelaciones Exteriores -
_zHaití
_92233
651 4 _aHaití -
_xRelaciones Exteriores -
_zRepública Dominicana
_92234
651 0 _aRepública Dominicana
_xPolítica y gobierno
_945
650 0 _aDerechos humanos
_9658
700 1 2 _aMosely-Williams, Richard
_92235
700 1 2 _aArregui, Mariví,
_etrad.
_92236
700 1 2 _aPaiewonsky, Denise,
_etrad.
_92237
700 1 2 _aFlores, Carlos
_92238
710 2 _aCatholic Institute for International Relations
_92239
910 _aValidado. Control de calidad. MFF
999 _c664
_d664